National perspectives on the new regionalism in the south / (Record no. 8812)
[ view plain ]
| 000 -LEADER | |
|---|---|
| fixed length control field | 01674cam a22003734a 4500 |
| 001 - CONTROL NUMBER | |
| control field | 11789657 |
| 003 - CONTROL NUMBER IDENTIFIER | |
| control field | OSt |
| 005 - DATE AND TIME OF LATEST TRANSACTION | |
| control field | 20240625121910.0 |
| 008 - FIXED-LENGTH DATA ELEMENTS--GENERAL INFORMATION | |
| fixed length control field | 990915s2000 nyu b 001 0 eng |
| 010 ## - LIBRARY OF CONGRESS CONTROL NUMBER | |
| LC control number | 99048280 |
| 020 ## - INTERNATIONAL STANDARD BOOK NUMBER | |
| International Standard Book Number | 0312227728 (St. Martin's) |
| 040 ## - CATALOGING SOURCE | |
| Original cataloging agency | DLC |
| Transcribing agency | must |
| Modifying agency | DLC |
| 042 ## - AUTHENTICATION CODE | |
| Authentication code | pcc |
| 050 00 - LIBRARY OF CONGRESS CALL NUMBER | |
| Item number | |
| 082 00 - DEWEY DECIMAL CLASSIFICATION NUMBER | |
| Classification number | 337.1 NAT 2000 |
| Edition number | 21 |
| 245 00 - TITLE STATEMENT | |
| Title | National perspectives on the new regionalism in the south / |
| Statement of responsibility, etc. | edited by Björn Hettne, András Inotai, and Osvaldo Sunkel ; foreword by Giovanni Andrea Cornia. |
| 260 ## - PUBLICATION, DISTRIBUTION, ETC. (IMPRINT) | |
| Place of publication, distribution, etc. | New York : |
| Name of publisher, distributor, etc. | St. Martin's Press, |
| Date of publication, distribution, etc. | 2000. |
| 300 ## - PHYSICAL DESCRIPTION | |
| Extent | xl, 318 p. ; |
| Dimensions | 23 cm. |
| 440 #0 - SERIES STATEMENT/ADDED ENTRY--TITLE | |
| Title | International political economy series. |
| Name of part/section of a work | New regionalism ; |
| Volume/sequential designation | v. 3 |
| 9 (RLIN) | 17806 |
| 500 ## - GENERAL NOTE | |
| General note | "In association with UNU/Wider." |
| 504 ## - BIBLIOGRAPHY, ETC. NOTE | |
| Bibliography, etc | Includes bibliographical references and index. |
| 650 #0 - SUBJECT ADDED ENTRY--TOPICAL TERM | |
| Topical term or geographic name as entry element | Regionalism. |
| 9 (RLIN) | 1045 |
| 650 #0 - SUBJECT ADDED ENTRY--TOPICAL TERM | |
| Topical term or geographic name as entry element | International economic relations. |
| 9 (RLIN) | 1023 |
| 700 1# - ADDED ENTRY--PERSONAL NAME | |
| Personal name | Hettne, Björn, |
| Dates associated with a name | 1939- |
| 9 (RLIN) | 6892 |
| 700 1# - ADDED ENTRY--PERSONAL NAME | |
| Personal name | Inotai, András. |
| 9 (RLIN) | 6893 |
| 700 1# - ADDED ENTRY--PERSONAL NAME | |
| Personal name | Sunkel, Osvaldo. |
| 9 (RLIN) | 1039 |
| 856 42 - ELECTRONIC LOCATION AND ACCESS | |
| Materials specified | Contributor biographical information |
| Uniform Resource Identifier | <a href="http://www.loc.gov/catdir/bios/hol057/99048280.html">http://www.loc.gov/catdir/bios/hol057/99048280.html</a> |
| 856 42 - ELECTRONIC LOCATION AND ACCESS | |
| Materials specified | Publisher description |
| Uniform Resource Identifier | <a href="http://www.loc.gov/catdir/description/hol057/99048280.html">http://www.loc.gov/catdir/description/hol057/99048280.html</a> |
| 856 41 - ELECTRONIC LOCATION AND ACCESS | |
| Materials specified | Table of contents |
| Uniform Resource Identifier | <a href="http://www.loc.gov/catdir/toc/hol053/99048280.html">http://www.loc.gov/catdir/toc/hol053/99048280.html</a> |
| 906 ## - LOCAL DATA ELEMENT F, LDF (RLIN) | |
| a | 7 |
| b | cbc |
| c | orignew |
| d | 1 |
| e | ocip |
| f | 19 |
| g | y-gencatlg |
| 942 ## - ADDED ENTRY ELEMENTS (KOHA) | |
| Source of classification or shelving scheme | Dewey Decimal Classification |
| Koha item type | Open Shelf |
| Withdrawn status | Lost status | Source of classification or shelving scheme | Damaged status | Not for loan | Home library | Current library | Date acquired | Source of acquisition | Inventory number | Total Checkouts | Full call number | Barcode | Date last seen | Price effective from | Koha item type |
|---|---|---|---|---|---|---|---|---|---|---|---|---|---|---|---|
| Other/Generic Classification Scheme | MUST Main Library | MUST Main Library | 25/06/2024 | purchase | 03/20042 | 337.1 NAT 2000 | 2024-21237 | 25/06/2024 | 25/06/2024 | Open Shelf | |||||
| Dewey Decimal Classification | MUST Main Library | MUST Main Library | 25/06/2024 | purchase | 03/20041 | 337.1 NAT 2000 | 2024-21238 | 25/06/2024 | 25/06/2024 | Open Shelf | |||||
| Dewey Decimal Classification | MUST Main Library | MUST Main Library | 25/06/2024 | purchase | 03/20043 | 337.1 NAT 2000 | 2024-21239 | 25/06/2024 | 25/06/2024 | Open Shelf | |||||
| Other/Generic Classification Scheme | MUST Main Library | MUST Main Library | 25/06/2024 | purchase | 03/20045 | 337.1 NAT 2000 | 2024-21240 | 25/06/2024 | 25/06/2024 | Open Shelf | |||||
| Other/Generic Classification Scheme | MUST Main Library | MUST Main Library | 25/06/2024 | purchase | 03/20044 | 337.1 NAT 2000 | 2024-21241 | 25/06/2024 | 25/06/2024 | Open Shelf |
